Most popular games [by google] - Statistics

General Stats
  • This quiz has been taken 9 times
  • The average score is 4 of 15
Answer Stats
Question Answer % Correct
Most popular game in 2008? Grand Theft Auto IV
100%
Most popular game in 2013? Grand Theft Auto V
100%
Most popular game in 2014? Grand Theft Auto V
50%
Most popular game in 2009? Modern Warfare 2
50%
Most popular game in 2017? PUBG
50%
Most popular game in 2020? Animal Crossing: New Horizon
0%
Most popular game in 2011? Batman: Arkham City
0%
Most popular game in in 2015? Batman: Arkham Knight
0%
Most popular game in 2021? Crossfire
0%
Most popular game in 2018? FIFA 19
0%
Most popular game in 2010? Mass Effect 2
0%
Most popular game in 2019? Resident Evil 2
0%
Most popular game in 2012? The Walking Dead: The Game
0%
Most popular game in 2016? Uncharted 4: A Thief's End
0%
Most popular game in 2007? Wii Sports
0%
No matching quizzes found
Score Distribution
Percent of People with Each Score
Percentile by Number Answered
Your Score History
You have not taken this quiz